logo

Bir Sreshtho Munshi Abdur Rouf Library
Jhenaidah Cadet College

A Text book of Practical Physics / (Record no. 9227)

MARC details
000 -LEADER
fixed length control field 00602cam a2200229 a 4500
001 - CONTROL NUMBER
JCCL Control Number 9227
003 - CONTROL NUMBER IDENTIFIER
JCCL marc code UkOxU
005 - DATE AND TIME OF LATEST TRANSACTION
control field 20180311113202.0
008 - FIXED-LENGTH DATA ELEMENTS--GENERAL INFORMATION
fixed length control field 960805s1968 nju b 000 0 eng d
035 ## - SYSTEM CONTROL NUMBER
system control number (BD-JhCC) 9227
040 ## - CATALOGING SOURCE
Original cataloging agency DLC
Transcribing agency WSU
Modifying agency SER
-- UKM
-- EQO
041 ## - LANGUAGE CODE
Language code of Book eng
082 ## - DEWEY DECIMAL CLASSIFICATION NUMBER
Classification number 530
Author mark and Year RAH 1968
100 1# - MAIN ENTRY--PERSONAL NAME
Personal name Rahman, Md.Shamsur
245 10 - TITLE STATEMENT
Title A Text book of Practical Physics /
Statement of responsibility, etc Rahman, Md.Shamsur
260 ## - PUBLICATION, DISTRIBUTION, ETC. (IMPRINT)
Place of publication, distribution, etc Dacca ;
Name of publisher, distributor, etc Udayan press:
Date of publication, distribution, etc 1968.
300 ## - PHYSICAL DESCRIPTION
Pagination 387 p. :
Dimensions 21 cm.
650 ## - SUBJECT ADDED ENTRY--TOPICAL TERM
Topical term or geographic name as entry element Physics
830 #0 - SERIES ADDED ENTRY--UNIFORM TITLE
Uniform title Van Nostrand searchlight book ;
Volume number/sequential designation #14
942 ## - ADDED ENTRY ELEMENTS (KOHA)
Source of classification or shelving scheme Dewey Decimal Classification
Koha item type Books
Holdings
Source of classification or shelving scheme Damaged status Not for loan Home library Current library Shelving location Date of accession Cost, normal purchase price Total Checkouts Full call number Barcode Date last seen Copy number Koha item type
Dewey Decimal Classification     JCC Rouf Library JCC Rouf Library General Stacks 03/11/2018 0.60   530 RAH 1968 11602 03/11/2018 C - 1 Books

JCC Library | Contacts | JCC Home

Last Update on 23 September 2017
Copyright @ 2017-2020 JCC Rouf Library
Rouf Library, Jhenidah Cadet College (JCC), Bangladesh